Euroopan kaupungit kirjaimittain - O - Statistics

Yleistilastot
  • Tätä visaa on pelattu 24 kertaa
  • Keskiarvotulos 7 / 20
Vastaukset kartalla
Vastauksille on annettu kartalla punavihreä väri sen mukaan, kuinka moni on saanut sen oikein.
 
Vastaustilastot
% Oikein
Suomi Oulu 216 152 65.016667 25.466667
100%
Norja Oslo 724 290 59.913889 10.738611
85%
Tanska Odense 185 480 55.4 10.383333
75%
Ukraina Odessa 1 010 537 46.483 30.733
75%
Tšekki Ostrava 283 187 49.835556 18.2925
70%
Iso-Britannia Oxford 170 798 51.751944 -1.257778
Oberhausen 51.466667 6.85 4 oberhausen
Oberstdorf 47.416667 10.283333 4 oberstdorf
Obninsk 55.090833 36.612167 4 obninsk
Odense 55.4 10.383333 4 odense
Odessa 46.483 30.733 4 odessa
Oldham 53.55 -2.116667 4 oldham
Olomouc 49.593889 17.250833 4 olomouc
Oostende 51.233333 2.916667 4 oostende
Oradea 47.072222 21.921111 4 oradea
Orjol 52.966667 36.066667 4 orjol
Orléans 47.9025 1.908889 4 orleans
Oskarshamn 57.265 16.43 4 oskarshamn
Oslo 59.913889 10.738611 4 oslo
Osijek 45.55 18.666667 4 osijek
Ostrava 49.835556 18.2925 4 ostrava
Oświęcim 50.05 19.233333 4 oswiecim
Otepää 58.057222 26.498333 4 otepaa
Oulu 65.016667 25.466667 4 oulu
Oxford 51.751944 -1.257778 4 oxford
Oviedo 43.35 -5.85 4 oviedo
55%
Ranska Orléans 116 357 47.9025 1.908889
45%
Viro Otepää 2 112 58.057222 26.498333
40%
Saksa Oberstdorf 9 279 47.416667 10.283333
30%
Espanja Oviedo 223 576 43.35 -5.85
30%
Iso-Britannia Oldham 110 718 53.55 -2.116667
20%
Tšekki Olomouc 103 063 49.593889 17.250833
20%
Belgia Oostende 72 817 51.233333 2.916667
15%
Saksa Oberhausen 213 646 51.466667 6.85
10%
Romania Oradea 183 105 47.072222 21.921111
10%
Venäjä Orjol 289 503 52.966667 36.066667
10%
Kroatia Osijek 75 535 45.55 18.666667
10%
Ruotsi Oskarshamn 26 923 57.265 16.43
10%
Venäjä Obninsk 132 965 55.090833 36.612167
0%
Puola Oświęcim 35 577 50.05 19.233333
0%
Ehtoja vastaavia visoja ei löytynyt
Tulosjakauma
Jokaisen tuloksen saaneiden osuus
Persentiili vastausten määrän mukaan
Tuloshistoriasi
Et ole pelannut tätä visaa